La voz mercedaria / (Record no. 22012)

000 -CABECERA
fixed length control field 01884nam a22003137a 4500
003 - IDENTIFICADOR DEL NÚMERO DE CONTROL
control field AR-CdUCM
008 - DATOS DE LONGITUD FIJA--INFORMACIÓN GENERAL
fixed length control field 190425b ||||| |||| 00| 0 spa d
040 ## - FUENTE DE LA CATALOGACIÓN
Agencia/entidad que catalogó originalmente la obra MUNICIPALIDAD PROVINCIAL DEL CUSCO
Entidad que transcribió la catalogación BIBLIOTECA MUNICIPAL DEL CUSCO
082 ## - NÚMERO DE LA CLASIFICACIÓN DECIMAL DEWEY
No. de Clasificación LavozMercedaria/N°2/1972
110 ## - ENTRADA PRINCIPAL--NOMBRE DE ENTIDAD CORPORATIVA
Nombre de la institución, jurisdicción como entrada principal Colegio de Las Mercedes
9 (RLIN) 47149
245 ## - MENCIÓN DE TÍTULO
Título La voz mercedaria /
Mención de responsabilidad Colegio de Las Mercedes
260 ## - PUBLICACIÓN, DISTRIBUCIÓN, ETC.
Lugar de publicación, distribución, etc. Cusco.
Nombre de la editorial, distribuidor, etc. Los Andes,
Fecha de publicación, distribución, etc. 1972.
300 ## - DESCRIPCIÓN FÍSICA
Nº de Páginas Extensión 301 páginas. :
Otros detalles físicos ilustraciones ;
Dimensiones 24 cm.
440 ## - MENCIÓN DE SERIE/PUNTO DE ACCESO ADICIONAL--TÍTULO
Título La voz mercedaria.
Número de la parte/sección de una obra N°2, 1972
9 (RLIN) 47150
505 ## - NOTA DE CONTENIDO CON FORMATO
Nota de contenido formateada Contenido: Biografía de José Uriel García. Neptali Acurio Echegaray. -- Doña Trinidad Enríquez gran educadora cusqueña. Alcides Estrada. -- El comportamiento del adolescente no comprendido los problemas educativos del ande. Mario Alberto Gilt Contreras. -- Prioridad de la evangelización Isaías Vargas Bueno ilustre maestro. Alejandro Otazu Abrill. -- Equilibrio ecológico. Julia Carrillo de Cano. -- Gloria del Cuzco eterno. Del colombiano Jorge Isaes al cusqueño Abraham Vizcarra Echave. Alberto Yépez Miranda. -- Santa Cecilia patrona universal del músico referencia sintética del himno nacional del Perú. Eleodoro Justiniani. -- Historia del colegio de Las Mercedes. Luis Humberto Galimberti Miranda. -- Valor de la vivencia en la enseñanza del Perú. Armando Harvey Valencia....
650 ## - PUNTO DE ACCESO ADICIONAL DE MATERIA--TÉRMINO DE MATERIA
Descriptor Instituciones educativas
9 (RLIN) 34491
650 ## - PUNTO DE ACCESO ADICIONAL DE MATERIA--TÉRMINO DE MATERIA
Descriptor Colegios del Cusco
9 (RLIN) 24467
650 ## - PUNTO DE ACCESO ADICIONAL DE MATERIA--TÉRMINO DE MATERIA
Descriptor Colegio Las Mercedes
9 (RLIN) 43773
650 ## - PUNTO DE ACCESO ADICIONAL DE MATERIA--TÉRMINO DE MATERIA
Descriptor Historia del Cusco
9 (RLIN) 1714
650 ## - PUNTO DE ACCESO ADICIONAL DE MATERIA--TÉRMINO DE MATERIA
Descriptor Poesía cusqueña
9 (RLIN) 2323
650 ## - PUNTO DE ACCESO ADICIONAL DE MATERIA--TÉRMINO DE MATERIA
Descriptor Intelectuales cusqueños
9 (RLIN) 46142
700 ## - PUNTO DE ACCESO ADICIONAL--NOMBRE DE PERSONA
Nombre Personal Pérez Ocampo, Gustavo
9 (RLIN) 47147
700 ## - PUNTO DE ACCESO ADICIONAL--NOMBRE DE PERSONA
Nombre Personal Cosio, José Gabriel
9 (RLIN) 11720
700 ## - PUNTO DE ACCESO ADICIONAL--NOMBRE DE PERSONA
Nombre Personal García, José Uriel
9 (RLIN) 3684
700 ## - PUNTO DE ACCESO ADICIONAL--NOMBRE DE PERSONA
Nombre Personal Yépez Miranda, Alfredo
9 (RLIN) 4230
942 ## - ELEMENTOS DE PUNTO DE ACCESO ADICIONAL (KOHA)
Fuente de clasificación
Tipo de item Revistas cusqueñas
945 ## - PROCESAMIENTO DE INFORMACIÓN LOCAL (OCLC)
Catalogador rac
Holdings
Estado de retiro (separado) Fuente de clasificación o esquema de estanterías Estado dañado Ubicación Sala donde se ubica Nombre de la colección Fecha de adquisición o compra Costo, precio normal en soles Signatura topográfica Código de Barras Última vez visto (Koha) Tipo de ítem (Koha)
No     Sala Hemeroteca Sala Hemeroteca Book Cart 2022-02-07 5.00 LavozMercedaria/N°2/1972 REVC000551 2022-02-07 Revistas cusqueñas
No     Sala Hemeroteca Sala Hemeroteca Book Cart 2022-02-07 5.00 LavozMercedaria/N°2/1972/e.2 REVC000552 2022-02-07 Revistas cusqueñas
No     Sala Hemeroteca Sala Hemeroteca Book Cart 2022-02-07 5.00 LavozMercedaria/N°2/1972/e.3 REVC000553 2022-02-07 Revistas cusqueñas

Powered by Koha